Rejony obwodu lwowskiego z mapą - Statystyki

Ogólne statystyki
  • Ten quiz został rozwiązany 31 razy
    29 od ostatniego zresetowania
  • Średni wynik to 3 z 7
Odpowiedzi na mapie
Odpowiedzi zakodowano w zielono-czerwonej skali na mapie do tego quizu, zgodnie z poniższymi procentami.
 
Statystyki odpowiedzi
Rejon % Poprawnych
lwowski
100%
drohobycki
63%
samborski
58%
stryjski
46%
jaworowski
33%
złoczowski
21%
szeptycki
17%
Nie znaleziono quizów pasujących do podanych kryteriów
Rozkład punktacji
Procent ludzi z każdym wynikiem
Percentyl według liczby udzielonych odpowiedzi
Twoja historia wyników
Nie rozwiązałeś tego quizu od ostatniego zresetowania